Tendencias y determinantes del proceso de inversión en Argentina (Registro nro. 1923)

Detalles MARC
000 -LEADER
fixed length control field 01514 a2200289 4500
001 - CONTROL NUMBER
control field 29644
005 - DATE AND TIME OF LATEST TRANSACTION
control field 20260407155606.0
008 - FIXED-LENGTH DATA ELEMENTS--GENERAL INFORMATION
fixed length control field 260407a2009 arg spa d
003 - CONTROL NUMBER IDENTIFIER
control field AR-UNSa-BCEJYS
040 ## - CATALOGING SOURCE
Original cataloging agency AR-UNSa-BCEJYS
Language of cataloging spa
Transcribing agency AR-UNSa-BCEJYS
080 ## - UNIVERSAL DECIMAL CLASSIFICATION NUMBER
Universal Decimal Classification number 330.32
Common auxiliary subdivision Nueva formación de capital (Inversión)
020 ## - INTERNATIONAL STANDARD BOOK NUMBER
International Standard Book Number 978-987-1560-03-5
041 ## - LANGUAGE CODE
Language code of text/sound track or separate title spa
100 1# - MAIN ENTRY--PERSONAL NAME
Personal name Bonvecchi, Carlos E.
245 10 - TITLE STATEMENT
Title Tendencias y determinantes del proceso de inversión en Argentina
Name of part/section of a work 2002-2007
264 #1 - PRODUCTION, PUBLICATION, DISTRIBUTION, MANUFACTURE, AND COPYRIGHT NOTICE
Place of production, publication, distribution, manufacture Buenos Aires :
Name of producer, publisher, distributor, manufacturer PNUD
Date of production, publication, distribution, manufacture, or copyright notice 2009
300 ## - PHYSICAL DESCRIPTION
Extent 138 p.
Dimensions 29 cm.
505 ## - FORMATTED CONTENTS NOTE
Formatted contents note 1. Algunas consideraciones sobre la evolución macroeconómica reciente - 2. El entorno macroeconómico del proceso de inversión - 3. Evolución de la inversión bruta interna fija - 4. La evolución del stock de capital y de la productividad de los factores - 5. El patrón sectorial del proceso de inversión - 6. Las inversiones en el sector agropecuario - 7. Desempeño e inversión en la industria manufacturera - 8. El escenario Pyme - 9. Las estrategias de innovación predominantes - 10. Síntesis y principales conclusiones.
590 ## - LOCAL NOTE (RLIN)
Local note niveau_biblio:m niveau_hierar:0
700 1# - ADDED ENTRY--PERSONAL NAME
Personal name Fernández Bugna, Cecilia
700 1# - ADDED ENTRY--PERSONAL NAME
Personal name Suárez, Diana
700 1# - ADDED ENTRY--PERSONAL NAME
Personal name Lugones, Gustavo
700 1# - ADDED ENTRY--PERSONAL NAME
Personal name Vismara, Felipe
700 1# - ADDED ENTRY--PERSONAL NAME
Personal name Porta, Fernando
856 41 - ELECTRONIC LOCATION AND ACCESS
Uniform Resource Identifier <a href="https://biblioeco.unsa.edu.ar/pmb/images/libros/Tendencias y Dereminantes del Proceso de Inversi?n en Argentina-l118554.jpg">https://biblioeco.unsa.edu.ar/pmb/images/libros/Tendencias y Dereminantes del Proceso de Inversi?n en Argentina-l118554.jpg</a>
Link text Imagen de portada
Electronic format type image/jpeg
942 ## - ADDED ENTRY ELEMENTS (KOHA)
Koha item type
Existencias
Withdrawn status Lost status Damaged status Not for loan Home library Current library Shelving location Date acquired Total checkouts Full call number Barcode Date last seen Price effective from Koha item type
        Biblioteca Prof. Eusebio Cleto del Rey Biblioteca Prof. Eusebio Cleto del Rey   07/04/2026   330.32 T291 L118553 07/04/2026 07/04/2026 Libro
        Biblioteca Prof. Eusebio Cleto del Rey Biblioteca Prof. Eusebio Cleto del Rey   07/04/2026   330.32 T291 L118554 07/04/2026 07/04/2026 Libro